Género y negociación reproductiva: un estudio en una comunidad rural de Chiapas /
A través de un estudio cualitativo, este trabajo pretende visualizar y comprender algunos elementos económicos, normativos, socioculturales y de género en torno a la capacidad de negociación de mujeres de una comunidad rural de Chiapas, respecto a la decisión anticonceptiva. Se destaca la importanci...
Bewaard in:
| Hoofdauteur: | |
|---|---|
| Andere auteurs: | , , |
| Formaat: | Texto |
| Onderwerpen: | |
| Tags: |
Voeg label toe
Geen labels, Wees de eerste die dit record labelt!
|
MARC
| LEADER | 00000 a a2200000 04500 | ||
|---|---|---|---|
| 001 | 16547 | ||
| 003 | |||
| 040 | |||
| 100 | |a Ramírez, Dulce Karol | ||
| 245 | |a Género y negociación reproductiva: un estudio en una comunidad rural de Chiapas / |c Dulce Karol Ramírez | ||
| 500 | |a Resumen también en inglés | ||
| 520 | |a A través de un estudio cualitativo, este trabajo pretende visualizar y comprender algunos elementos económicos, normativos, socioculturales y de género en torno a la capacidad de negociación de mujeres de una comunidad rural de Chiapas, respecto a la decisión anticonceptiva. Se destaca la importancia de aspectos estructurales y de la promoción de los derechos de las mujeres para participar en relaciones más equitativas en el campo de la toma de desiciones reproductivas, basadas en sus propias prioridades e intereses. El artículo se divide en una contextualización del estudio, la metodología de trabajo utilizada y los aspectos particulares de las negociaciones aticonceptivas | ||
| 650 | |a GENERO | ||
| 650 | |a REPRODUCCION HUMANA | ||
| 650 | |a DERECHOS DE LA MUJER | ||
| 650 | |a COMPORTAMIENTO SEXUAL | ||
| 650 | |a CONDICIONES SOCIALES | ||
| 650 | |a COMUNIDADES RURALES | ||
| 650 | |a MEXICO | ||
| 700 | |a Nazar, Austreberta | ||
| 700 | |a Mariaca, Ramón | ||
| 700 | |a Olivera, Mercedes | ||
| 773 | |g volumen 67, número 4; páginas 687-727 | ||
| 999 | |c 20651 |d 20651 | ||
